| 000 | 00844nam a2200265 i 4500 | ||
|---|---|---|---|
| 001 | bg | ||
| 100 | 1 | _aLELUSZ, Henryk | |
| 245 | 1 | 0 |
_aZasady pisania prac dyplomowych : _bz zakresu nauk ekonomicznych / _cHenryk Lelusz, Mirosław Kowalewski. |
| 260 |
_aOlsztyn : _bWydaw. ART, _c1996. |
||
| 300 |
_a31 s. ; _c24 cm. |
||
| 490 | 1 | _aSkrypty Akademii Rolniczo-Technicznej w Olsztynie | |
| 504 | _aBibliogr. s.30. | ||
| 650 | 9 |
_aDysertacje i |prace magisterskie _xmetody |
|
| 650 | 9 |
_aNauki ekonomiczne _xszkolnictwo wyższe _xnauczanie |
|
| 655 | _aPoradniki | ||
| 700 | 1 | _aKOWALEWSKI, Mirosław | |
| 830 | _aSkrypty Akademii Rolniczo-Technicznej w Olsztynie | ||
| 020 | _a8386497467 | ||
| 040 | _cBPK | ||
| 041 | 0 | _apl | |
| 080 | _a378.2::33 | ||
| 920 | _a83-86497-46-7 | ||
| 942 | _cKS | ||
| 008 | s pl f |000 0 pol | ||
| 999 |
_c24826 _d24826 |
||
| 856 |
_uhttp://koha.tu.koszalin.pl/cgi-bin/koha/opac-detail.pl?biblionumber=24826 _yKatalog online BPK |
||